| 000 | 00684nam a2200169 a 4500 | ||
|---|---|---|---|
| 008 | 120416s1978 ||||||||||||||||| || u | ||
| 050 | _aNA 1580 And | ||
| 100 | _aAndersen, Kaj Blegvad | ||
| 245 | 1 | 0 | _aAfrican traditional architecture: a study of the housing and settlement patterns of rural Kenya |
| 260 |
_aNew York: _bOxford University Press _c1978 |
||
| 300 | _aviii, 239p. | ||
| 350 | _a0.00 | ||
| 650 | _aARCHITECTURAL DESIGN--EVALUATION | ||
| 650 | _aARCHITECTURE, TROPICAL | ||
| 650 | _aARCHITECTURE, AFRICAN | ||
| 995 |
_D0.00 _FCBU-MAIN LIBRARY (Kitwe) _H1 _I0.00 _M1 _UDAMAGED _WJun 3, 2009 _ZMain Library Open Access Collection |
||
| 999 |
_c33813 _d33813 |
||